Statistics for FIFA 22 TOTW 27

Click here to take the quiz!

General Stats

  • This quiz has been taken 8 times
  • The average score is 11 of 23

Answer Stats

ClubPositionRatingAnswer% Correct
LiverpoolLB89Andy Robertson
100%
TottenhamLW91Heung-Min Son
100%
Bayern MunichLM88Kingsley Coman
100%
MonacoST87Wissam Ben Yedder
88%
LensRWB86Jonathan Clauss
75%
BarcelonaST87Pierre-Emerick Aubameyang
75%
AC MilanCM83Ismael Bennacer
63%
Atletico MadridCDM86Koke
63%
Real BetisCB85Marc Bartra
63%
GetafeGK84David Soria
50%
RomaRF84Lorenzo Pellegrini
50%
Borussia DortmundCB84Emre Can
38%
Bayer LeverkusenCM82Kerem Demirbay
38%
SalfordRW73Brandon Thomas-Asante
25%
CelticST83Georgios Giakoumakis
25%
MontpellierGK81Jonas Omlin
25%
Hertha BerlinCDM81Niklas Stark
25%
Al HilalST81Odion Ighalo
25%
RennesST81Serhou Guirassy
25%
Fatih KaragumrukRM79Emre Mor
13%
FC DallasST77Jesus Ferreira
13%
HyderabadGK66Laxmikant Kattimani
13%
GuingampCAM78Youssouf M'Changama
13%

Score Distribution

Percentile by Number Answered

Percent of People with Each Score

Your Score History

You have not taken this quiz